| 000 | 00801nam a2200253Ia 4500 | ||
|---|---|---|---|
| 003 | OSt | ||
| 005 | 20220927105445.0 | ||
| 006 | a|||||r|||| 00| 0 | ||
| 007 | ta | ||
| 008 | 220926b |||||||| |||| 00| 0 eng d | ||
| 024 | _a174821 | ||
| 037 | _cReference Collections | ||
| 040 |
_aRTL _cRTL _beng |
||
| 041 |
_2eng _aeng |
||
| 082 | _a"V1N45, 93:3, K5.11/UN" | ||
| 110 |
_a"UNITED NATIONS, GENERAL ASSEMBLY." _9372679 |
||
| 245 | 0 | _aAddendum to the Report of the United Nations high Commissioner for Refugees. | |
| 260 |
_aNew _bYork U.N _c1965 |
||
| 300 |
_a19p. _ccm. |
||
| 500 | _aSupplement no.11-A | ||
| 700 |
_a"UNITED NATIONS, GENERAL ASSEMBLY." _9372680 |
||
| 942 |
_h"V1N45, 93:3, K5.11/UN" _cCC |
||
| 999 |
_c692661 _d692661 |
||